The Pakistan penal code (XLV of 1880) / (Record no. 52175)
[ view plain ]
| 000 -LEADER | |
|---|---|
| fixed length control field | 00850cam a2200253 a 4500 |
| 001 - CONTROL NUMBER | |
| control field | 52175 |
| 003 - CONTROL NUMBER IDENTIFIER | |
| rucl marc code | BD-RjUL |
| 005 - DATE AND TIME OF LATEST TRANSACTION | |
| control field | 20211209075750.0 |
| 008 - FIXED-LENGTH DATA ELEMENTS--GENERAL INFORMATION | |
| fixed length control field | 160906s1967 pk bl 001 0 eng |
| 035 ## - SYSTEM CONTROL NUMBER | |
| System control number | (BD-RjUL) 52295 |
| 040 ## - CATALOGING SOURCE | |
| Original cataloging agency | DLC |
| Transcribing agency | DLC |
| Modifying agency | DLC |
| Language of cataloging | eng |
| 041 ## - LANGUAGE CODE | |
| Language code of text/sound track or separate title | eng |
| 082 00 - DEWEY DECIMAL CLASSIFICATION NUMBER | |
| Classification number | 345.49105002632 |
| Edition number | 19 |
| Author mark and year | MAP 1967 |
| 100 1# - MAIN ENTRY--PERSONAL NAME | |
| Personal name | Mahmood, Shaukat. |
| 9 (RLIN) | 156065 |
| 245 14 - TITLE STATEMENT | |
| Title | The Pakistan penal code (XLV of 1880) / |
| Statement of responsibility, etc. | by Sh. Shaukat Mahmood. |
| 260 ## - PUBLICATION, DISTRIBUTION, ETC. (IMPRINT) | |
| Place of publication, distribution, etc. | Lahore : |
| Name of publisher, distributor, etc. | Legal Research Centre, |
| Date of publication, distribution, etc. | 1967 |
| 300 ## - PHYSICAL DESCRIPTION | |
| Pagination | 3 v. ; |
| Size | 25 cm. |
| 504 ## - BIBLIOGRAPHY, ETC. NOTE | |
| Bibliography, etc | Includes bibliographical references and index. |
| 505 0# - FORMATTED CONTENTS NOTE | |
| Formatted contents note | V. 1. Sections 1-299 -- v. 2. Sections 300-379 -- v. 3. Sections 380-index |
| 650 #0 - SUBJECT ADDED ENTRY--TOPICAL TERM | |
| Topical term or geographic name as entry element | Criminal law |
| Geographic subdivision | Pakistan. |
| 9 (RLIN) | 156066 |
| 710 12 - ADDED ENTRY--CORPORATE NAME | |
| Corporate name or jurisdiction name as entry element | Pakistan. |
| Title of a work | Pakistan Penal Code. |
| Date of a work | 1985. |
| 9 (RLIN) | 156067 |
| 942 ## - ADDED ENTRY ELEMENTS (KOHA) | |
| Source of classification or shelving scheme | Dewey Decimal Classification |
| Koha item type | Books |
| Lost status | Source of classification or shelving scheme | Damaged status | Not for loan | Collection code | Permanent Location | Current Location | Shelving location | Date acquired | Source of acquisition | Cost, normal purchase price | Total Checkouts | Full call number | Date last seen | Copy number | Koha item type |
|---|---|---|---|---|---|---|---|---|---|---|---|---|---|---|---|
| Dewey Decimal Classification | Non-fiction | Central Library, University of Rajshahi | Central Library, University of Rajshahi | 12/07/1968 | Warsi book center | 85.00 | 345.49105002632 MAP V-1 1967 | 06/09/2016 | C-2 | Books | |||||
| Dewey Decimal Classification | Not For Loan | Non-fiction | Central Library, University of Rajshahi | Central Library, University of Rajshahi | Reading Room | 07/03/1968 | Warsi Book Corp. | 45.00 | 345.49105002632 MAP V-2 1967 | 06/09/2022 | C-1 | Books |